| 000 | nam a22 7a 4500 | ||
|---|---|---|---|
| 999 |
_c153813 _d153811 |
||
| 005 | 20200122121247.0 | ||
| 008 | 010418s2001 sp b 000 0 spa | ||
| 020 | _a8431318430 | ||
| 050 | 0 | 4 |
_aKKT2476 _bA98 2001 |
| 100 | 1 | _aAzurmendi Adarraga, Ana. | |
| 245 | 1 | 0 |
_aDerecho de la información : _bguía jurídica para profesionales de la comunicación / _cAna Azurmendi. |
| 250 | _a2a ed. | ||
| 260 |
_aEspaña : _bEdiciones Universidad de Navarra, _c2001. |
||
| 300 |
_a359 p. ; _c24 cm. |
||
| 490 | 0 | _aComunicación | |
| 504 | _aIncluye bibliografía | ||
| 650 | 7 |
_aDerecho a la información _zEspaña _2lemb |
|
| 650 | 7 |
_aLibertad de prensa _zEspaña _2lemb |
|
| 942 |
_2lcc _cLIB |
||